000 00351pab a2200145 454500
008 180718b1985 xxu||||| |||| 00| 0 eng d
100 _aSanghvi, Jitendra
245 _aFood stocks pose problem of plenty
260 _c1985
300 _a109-11
362 _a20 July
650 _aFarm Produce - Storage - India
773 _aCommerce
909 _a8182
999 _c8182
_d8182